[Event "CAN-ch U12"]
[Site "Windsor"]
[Date "2015.07.09"]
[Round "6.71"]
[White "Zaid, Shahmeer"]
[Black "Xu, David1"]
[Result "0-1"]
[WhiteElo "585"]
[BlackElo "1107"]
[PlyCount "82"]
[EventDate "2015.07.06"]
[EventType "swiss"]
[EventRounds "7"]
[EventCountry "CAN"]
[SourceTitle "EXT 2022"]
[Source "ChessBase"]
[SourceDate "2021.10.06"]
[SourceVersion "1"]
[SourceVersionDate "2021.10.06"]
[SourceQuality "1"]

1. e4 c5 2. Nc3 d6 3. f4 Nc6 4. Bb5 Bd7 5. d3 Nf6 6. Nf3 a6 7. Bxc6 Bxc6 8. Be3 e6 9. 0-0 Be7 10. h3 0-0 11. e5 dxe5 12. fxe5 Nd5 13. Nxd5 Bxd5 14. Qd2 Rc8 15. c4 Bc6 16. Ng5 Qc7 17. Nf3 Bxf3 18. Rxf3 Qxe5 19. Rb1 Qc7 20. Rbf1 Bd6 21. Bf4 Bxf4 22. Rxf4 Rcd8 23. R1f3 Rd7 24. Rg4 Rd4 25. Rxd4 cxd4 26. b3 Rc8 27. g4 b5 28. a4 bxa4 29. bxa4 e5 30. Rf5 f6 31. Qc2 h6 32. c5 Qxc5 33. Qa2+ Kf8 34. Qe6 Qc1+ 35. Kg2 Rc2+ 36. Rf2 Rxf2+ 37. Kxf2 Qd2+ 38. Kg1 Qxd3 39. Qd6+ Kf7 40. Qd7+ Kg6 41. Qe8+ Kh7 0-1